<?xml version="1.0" encoding="UTF-8"?>
<record
    xmlns:xsi="http://www.w3.org/2001/XMLSchema-instance"
    xsi:schemaLocation="http://www.loc.gov/MARC21/slim http://www.loc.gov/standards/marcxml/schema/MARC21slim.xsd"
    xmlns="http://www.loc.gov/MARC21/slim">

  <leader>04656nam a2200517 a 4500</leader>
  <controlfield tag="001">Para_8996</controlfield>
  <controlfield tag="003">CHAP</controlfield>
  <controlfield tag="005">20250203132344.0</controlfield>
  <controlfield tag="007">ta</controlfield>
  <controlfield tag="008">220125s1999    xx a   gr     001 0 spa d</controlfield>
  <datafield tag="010" ind1=" " ind2=" ">
    <subfield code="a">207774</subfield>
  </datafield>
  <datafield tag="020" ind1=" " ind2=" ">
    <subfield code="a">978-607-383-686-9</subfield>
  </datafield>
  <datafield tag="040" ind1=" " ind2=" ">
    <subfield code="c">CHAP</subfield>
    <subfield code="a">mxchpua</subfield>
    <subfield code="e">rda</subfield>
  </datafield>
  <datafield tag="041" ind1=" " ind2=" ">
    <subfield code="a">spa</subfield>
    <subfield code="b">spa</subfield>
    <subfield code="f">spa</subfield>
    <subfield code="h">eng</subfield>
  </datafield>
  <datafield tag="050" ind1="1" ind2=" ">
    <subfield code="a">BJ1661</subfield>
    <subfield code="b">.C68 H33 2023</subfield>
  </datafield>
  <datafield tag="082" ind1="0" ind2="0">
    <subfield code="2">20</subfield>
    <subfield code="a">PA 646.7 </subfield>
    <subfield code="b">C4</subfield>
  </datafield>
  <datafield tag="100" ind1="1" ind2=" ">
    <subfield code="a">Covey, Sean</subfield>
    <subfield code="9">174269</subfield>
  </datafield>
  <datafield tag="240" ind1="1" ind2="6">
    <subfield code="a">The 7 habits of highly effective teens</subfield>
    <subfield code="l">Espa&#xF1;ol</subfield>
  </datafield>
  <datafield tag="245" ind1="1" ind2="6">
    <subfield code="a">Los 7 h&#xE1;bitos de los adolescentes altamente efectivos /</subfield>
    <subfield code="c">Sean Covey ; traductora Maria Laura Paz Abasolo</subfield>
  </datafield>
  <datafield tag="250" ind1=" " ind2=" ">
    <subfield code="a">1a edici&#xF3;n</subfield>
  </datafield>
  <datafield tag="264" ind1=" " ind2=" ">
    <subfield code="a">M&#xE9;xico :</subfield>
    <subfield code="b">Penguin Random House,</subfield>
    <subfield code="c">2014</subfield>
  </datafield>
  <datafield tag="300" ind1=" " ind2=" ">
    <subfield code="a">294 paginas :</subfield>
    <subfield code="b">ilustraciones, tablas</subfield>
  </datafield>
  <datafield tag="336" ind1=" " ind2=" ">
    <subfield code="2">rdacontent</subfield>
    <subfield code="a">texto</subfield>
    <subfield code="b">txt</subfield>
  </datafield>
  <datafield tag="337" ind1=" " ind2=" ">
    <subfield code="2">rdamedia</subfield>
    <subfield code="a">no mediado</subfield>
    <subfield code="b">n</subfield>
  </datafield>
  <datafield tag="338" ind1=" " ind2=" ">
    <subfield code="2">rdacarrier</subfield>
    <subfield code="a">volumen</subfield>
    <subfield code="b">nc</subfield>
  </datafield>
  <datafield tag="490" ind1="1" ind2=" ">
    <subfield code="a">DeBolsillo Contempor&#xE1;nea (Penguin Random House)</subfield>
  </datafield>
  <datafield tag="500" ind1=" " ind2=" ">
    <subfield code="a">En la nueva reimpresi&#xF3;n aparece en la portada "En la era Digital".</subfield>
  </datafield>
  <datafield tag="504" ind1=" " ind2=" ">
    <subfield code="a">Bibliograf&#xED;a: p&#xE1;ginas 293-294</subfield>
  </datafield>
  <datafield tag="520" ind1="2" ind2=" ">
    <subfield code="a">En este libro cl&#xE1;sico, adaptado a la era digital; Sean Covey aplica los principios atemporales de los 7 h&#xE1;bitos a las situaciones m&#xE1;s dif&#xED;ciles y decisivas en la vida de los adolescentes.Con m&#xE1;s de 5 millones de ejemplares vendidos alrededor del mundo; Los 7 h&#xE1;bitos de los adolescentes altamente efectivos es la gu&#xED;a definitiva para el &#xE9;xito en la adolescencia. En este libro; una edici&#xF3;n actualizada para la era digital; Sean Covey aplica los principios imperecederos de los 7 h&#xE1;bitos a las circunstancias m&#xE1;s complicadas y a las decisiones m&#xE1;s dif&#xED;ciles que afrontan los j&#xF3;venes. Imagina que tienes un mapa: una gu&#xED;a paso a paso para ayudarte a llegar desde donde est&#xE1;s ahora; hasta donde quieres llegar en el futuro. Tus objetivos; tus sue&#xF1;os; tus planes. Todo est&#xE1; a tu alcance. S&#xF3;lo necesitas las herramientas que te ayuden a llegar ah&#xED;. Eso es justamente lo que este libro ha sido para millones de adolescentes: un manual para la autoestima y el &#xE9;xito. Este libro cl&#xE1;sico aplica los principios atemporales de los 7 h&#xE1;bitos a las situaciones m&#xE1;s dif&#xED;ciles y decisivas en la vida de los adolescentes. Con un estilo entretenido; Sean Covey nos ofrece una orientaci&#xF3;n pr&#xE1;ctica para que los adolescentes mejoren su imagen personal; construyan amistades; se resistan a la presi&#xF3;n social; alcancen sus sue&#xF1;os y tengan una buena relaci&#xF3;n con sus padres. En esta renovada edici&#xF3;n tambi&#xE9;n hallar&#xE1;s la respuesta a c&#xF3;mo enfrentar los retos que impone esta nueva era; como el bullying virtual y las redes sociales. Adicionalmente; este libro est&#xE1; colmado de ilustraciones; caricaturas; ideas inteligentes; citas geniales e incre&#xED;bles historias sobre adolescentes reales alrededor del mundo. --</subfield>
  </datafield>
  <datafield tag="520" ind1="2" ind2=" ">
    <subfield code="a">Imagine you had a roadmap&#x2014;a step-by-step guide to help you get from where you are now, to where you want to be in the future. Your goals, your dreams, your plans&#x2026;they&#x2019;re all within reach. You just need the tools to help you get there.

That&#x2019;s what Sean Covey&#x2019;s landmark book, The 7 Habits of Highly Effective Teens, has been to millions of teens: a handbook to self-esteem and success. Now updated for the digital age, this classic book applies the timeless principles of 7 Habits to the tough issues and life-changing decisions teens face. Covey provides a simple approach to help teens improve self-image, build friendships, resist peer pressure, achieve their goals, and appreciate their parents, as well as tackle the new challenges of our time, like cyberbullying and social media. In addition, this book is stuffed with cartoons, clever ideas, great quotes, and incredible stories about real teens from all over the world.

Endorsed by high-achievers such as former 49ers quarterback Steve Young and 28-time Olympic medalist Michael Phelps, The 7 Habits of Highly Effective Teens has become the last word on surviving and thriving as a teen.</subfield>
  </datafield>
  <datafield tag="650" ind1="1" ind2="0">
    <subfield code="a">Ensayo  </subfield>
    <subfield code="9">153131</subfield>
  </datafield>
  <datafield tag="650" ind1="1" ind2="0">
    <subfield code="a">Literatura americana</subfield>
    <subfield code="y">Siglo XX</subfield>
    <subfield code="9">153261</subfield>
  </datafield>
  <datafield tag="650" ind1="1" ind2="0">
    <subfield code="a">Motivaci&#xF3;n (psicolog&#xED;a)</subfield>
    <subfield code="9">79090</subfield>
  </datafield>
  <datafield tag="650" ind1="1" ind2="0">
    <subfield code="a">Superaci&#xF3;n personal </subfield>
    <subfield code="9">143097</subfield>
  </datafield>
  <datafield tag="650" ind1="1" ind2="0">
    <subfield code="a">Essay  </subfield>
    <subfield code="9">153132</subfield>
  </datafield>
  <datafield tag="650" ind1="1" ind2="0">
    <subfield code="a">American literature</subfield>
    <subfield code="y">20th century  </subfield>
    <subfield code="9">153260</subfield>
  </datafield>
  <datafield tag="650" ind1="1" ind2="0">
    <subfield code="a">Motivation (Psychology)</subfield>
    <subfield code="9">160400</subfield>
  </datafield>
  <datafield tag="650" ind1="1" ind2="0">
    <subfield code="a">Personal development</subfield>
    <subfield code="9">190043</subfield>
  </datafield>
  <datafield tag="700" ind1="1" ind2=" ">
    <subfield code="a">Paz Abasolo, Maria Laura</subfield>
    <subfield code="9">190044</subfield>
    <subfield code="e">traductora</subfield>
  </datafield>
  <datafield tag="830" ind1=" " ind2=" ">
    <subfield code="a">DeBolsillo Contempor&#xE1;nea (Penguin Random House)</subfield>
    <subfield code="9">160717</subfield>
  </datafield>
  <datafield tag="901" ind1=" " ind2=" ">
    <subfield code="a">PA 646.7 C4</subfield>
  </datafield>
  <datafield tag="902" ind1=" " ind2=" ">
    <subfield code="a">A</subfield>
  </datafield>
  <datafield tag="905" ind1=" " ind2=" ">
    <subfield code="a">0000001999                             x   0000000000   00</subfield>
  </datafield>
  <datafield tag="910" ind1=" " ind2=" ">
    <subfield code="a">1999</subfield>
  </datafield>
  <datafield tag="942" ind1=" " ind2=" ">
    <subfield code="c">LIBRO</subfield>
    <subfield code="2">ddc</subfield>
  </datafield>
  <datafield tag="999" ind1=" " ind2=" ">
    <subfield code="c">207774</subfield>
    <subfield code="d">207774</subfield>
  </datafield>
  <datafield tag="952" ind1=" " ind2=" ">
    <subfield code="0">0</subfield>
    <subfield code="1">0</subfield>
    <subfield code="2">ddc</subfield>
    <subfield code="4">0</subfield>
    <subfield code="7">0</subfield>
    <subfield code="8">GRAL</subfield>
    <subfield code="a">PA</subfield>
    <subfield code="b">PA</subfield>
    <subfield code="c">11</subfield>
    <subfield code="d">2005-10-27</subfield>
    <subfield code="f">PARA</subfield>
    <subfield code="l">0</subfield>
    <subfield code="p">PA_8764</subfield>
    <subfield code="r">2022-01-25 00:00:00</subfield>
    <subfield code="w">2022-01-25</subfield>
    <subfield code="y">LIBRO</subfield>
    <subfield code="z">3</subfield>
  </datafield>
  <datafield tag="952" ind1=" " ind2=" ">
    <subfield code="0">0</subfield>
    <subfield code="1">0</subfield>
    <subfield code="2">ddc</subfield>
    <subfield code="4">0</subfield>
    <subfield code="5">2</subfield>
    <subfield code="7">0</subfield>
    <subfield code="8">LIT</subfield>
    <subfield code="a">IA_</subfield>
    <subfield code="b">IA_</subfield>
    <subfield code="d">2024-11-19</subfield>
    <subfield code="e">Compra Librer&#xED;a UACh F. 44961</subfield>
    <subfield code="i">Consumo</subfield>
    <subfield code="l">0</subfield>
    <subfield code="o">808.849384 C68 H33 2023</subfield>
    <subfield code="p">1108015239</subfield>
    <subfield code="r">2025-02-03 13:19:59</subfield>
    <subfield code="t">Ej. 1</subfield>
    <subfield code="w">2025-02-03</subfield>
    <subfield code="y">LIBRO</subfield>
  </datafield>
</record>
